Magia cotidiana

Guardat en:
Dades bibliogràfiques
Autor principal: Breton, André (Autor)
Format: Llibre
Idioma:espanyol
Publicat: Madrid Fundamentos 1989
Edició:2a. ed
Matèries:
Etiquetes: Afegir etiqueta
Sense etiquetes, Sigues el primer a etiquetar aquest registre!

MARC

LEADER 00000nam a2200000 a 4500
001 UCR6121
003 CL-VaPUC
008 980420e19890000SP |||||||||||||||||spa|d
082 0 4 |a 844  |b BRE  |2 21 
100 |a Breton, André  |e author  |9 268387 
245 1 0 |a Magia cotidiana 
250 |a 2a. ed 
300 |a 228 p 
942 |c BK 
945 |d 19980420 00:00:00  |a rbrito 
260 |a Madrid  |b Fundamentos  |c 1989 
650 0 |a Ensayos franceses  |9 265511 
583 |a last modification  |c 19980420 00:00:00  |k Rodrigo Vera 
999 |c 268427  |d 268425 
952 |0 0  |1 0  |4 0  |6 844_000000000000000_BRE_1989  |7 0  |8 R  |9 301572  |a BIBART  |b BIBART  |d 2019-11-20  |i 3407276  |l 12  |o 844 BRE 1989  |p 3407276  |q 2025-07-31  |r 2025-03-13  |s 2024-12-19  |w 2019-11-20  |y BK_R  |k ART